Dbase 111 plus : a comprehensive user's manual

Bibliographic Details
Main Author: Bharucha, Kerman D.
Format: Book
Published: Singapore : Tech Publ. , 1986
Subjects:

MARC

LEADER 00000cam a2200000 7i4500
001 0000009419
005 20161123.0
020 |a 997184799X 
040 |a INS 
090 0 0 |a Q76.8.D3   |b B53 1986 
100 1 |a Bharucha, Kerman D. 
245 1 0 |a Dbase 111 plus :   |b a comprehensive user's manual   |c Kerman D. Bharucha 
260 |a Singapore :   |b Tech Publ. ,   |c 1986 
300 |a xi,403p :   |b ill. ;   |c 24cm. 
650 0 0 |a Dbase 111 plus (Computer file) 
999 |a 0000022436   |b BOOK   |c Open Shelf   |e Default branch